Omeyotl : diario messicano /
Saved in:
| Hovedforfatter: | |
|---|---|
| Andre forfattere: | |
| Format: | Bog |
| Sprog: | italiensk |
| Udgivet: |
Firenze :
Vallecchi,
1962
|
| Serier: | Letteratura contemporanea. Narrativa e prosa
|
| Fag: | |
| Tags: |
Ingen Tags, Vær først til at tagge denne postø!
|
MARC
| LEADER | 00000nam a22000007i 4500 | ||
|---|---|---|---|
| 001 | IT\ICCU\SBL\0043908 | ||
| 003 | ItRI | ||
| 005 | 20260115232239.0 | ||
| 008 | 910930s1962 it |||||| ||||| |||||c | ||
| 015 | |2 IT |a 626420 | ||
| 040 | |b ita |c importazione bologna sebina | ||
| 041 | 7 | |a ita |2 ISO-639-2 | |
| 082 | |a 917.2 |9 GEOGRAFIA. MESSICO |2 16 | ||
| 100 | 1 | |a Coccioli, Carlo, |d (1920-2003) |0 IT\ICCU\CFIV\015859 |4 aut | |
| 240 | 1 | 0 | |a Omeyotl . |3 IT\ICCU\SBL\0668529 |9 Coccioli, Carlo <1920-2003> |
| 245 | 1 | 0 | |a Omeyotl : |b diario messicano / |c Carlo Coccioli ; [incisioni di Guadalupe Posada ... et al.]. |
| 260 | |a Firenze : |b Vallecchi, |c 1962 | ||
| 300 | |a 357 p. : |b ill. ; |c 19 cm | ||
| 650 | 7 | |a Messico |x Descrizioni e viaggi |2 scbi | |
| 700 | 1 | |a Posada, José Guadalupe |0 IT\ICCU\SBLV\127064 | |
| 830 | 0 | |a Letteratura contemporanea. Narrativa e prosa |0 IT\ICCU\SBL\0031181 | |
| 942 | |2 ddc |c BK |n 0 | ||
| 952 | |0 0 |1 0 |4 0 |6 DOC_858_914000000000000_COC |7 0 |9 22823 |a BO |b BO |d 2026-01-15 |i 1668 |l 0 |o DOC 858.914 COC |p BO1668 |r 2026-01-15 23:22:39 |w 2026-01-15 |x [Sebina 5] [1 v.] |y BK |z 1 v. | ||
| 999 | |c 19479 |d 19479 | ||